000 00805nam a22002297a 4500
003 OSt
005 20230518071902.0
008 230516b |||||||| |||| 00| 0 eng d
040 _cLado V
082 _2708
_aM595c
100 _9827
_aMetternich, Alain
_edirector
245 _aConnaissance des ARTS/
260 _aBelgica
_aCanada
_aGran Bretaña
_aItalia
_aEspaña
_aPortugal
_aChile
_bPresse Payante
_c2009
300 _a66p.
_c22x29cm
490 _a394
_v2009
650 _2Tesauro de Arte & Arquitectura
_aCATALOGO
650 _2Tesauro de Arte & Arquitectura
_aREVISTA
650 _2Tesauro de Arte & Arquitectura
_aARTE INTERNACIONAL
650 _2Tesauro de Arte & Arquitectura
_aCRITICA
651 _2Tesauro de Arte & Arquitectura
_aFRANCIA
942 _2ddc
_c1
_h708
_iM595c
_n0
999 _c3595
_d3595